000 00702nam a2200217 a 4500
001 000037699
005 20240412074258.0
008 121115s2012 dr a r 000 p spa d
020 _a9789945164961
040 _aDO-SdBNP
_bspa
_cBNPHU
082 _aRD861.44
_bR173a
100 1 _aRamírez Balbuena, Luis Felipe,
_d1968-
_926621
245 1 3 _aEl amor es una mujer /
_cLuis Felipe Ramírez Balbuena.
260 _aSanto Domingo :
_bBúho,
_c2012.
300 _a119 p.
500 _aBreve biografía del autor en la solapa de la cubierta
590 _aInventariado, 2018/BT
650 0 _aPoesía dominicana
_966
650 0 _aLiteratura dominicana.
_967
910 _aValidado. Control de calidad. MFF
999 _c37189
_d37189